000 00764nam a2200217Ia 4500
003 GCL
008 140319s9999 xx 000 0 ara d
020 _a8017212977
040 _aGCL /
_cGCL
082 0 4 _a953.0713
_bس ش
100 1 _aسحر السيد عبدالعزيز سالم
245 1 0 _aشاطبة الحصن الامامى لشرق الاندلس في العصر الاسلامى (التاريخ السياسى والحضارى) /
_cسحر السيد عبدالعزيز سالم
300 _a628 ص ؛
_c25 سم
490 _a
650 0 4 _aالاندلس
650 0 4 _aالفتوحات الاسلامية
650 0 4 _aالتاريخ الاسلامى
650 0 4 _aالعرب فى اسبانيا
650 0 4 _aشاطبة
942 _2ddc
_cBK
999 _c44403
_d44403